Fundamentals of human resource management: Functions, applications, skill development (Record no. 23357)

MARC details
000 -LEADER
fixed length control field 00513nam a2200169Ia 4500
008 - FIXED-LENGTH DATA ELEMENTS--GENERAL INFORMATION
fixed length control field 230917s9999||||xx |||||||||||||| ||und||
020 ## - ISBN
Price USD103
040 ## - CATALOGING SOURCE
-- 241353
Original cataloging agency VIVEKANANDA LIBRARY
041 ## - Language
-- English
082 ## - DDC NUMBER
Classification number 658.3 L976F
100 ## - MAIN ENTRY--PERSONAL NAME
Personal name Lussier, Robert N
245 #0 - TITLE STATEMENT
Title Fundamentals of human resource management: Functions, applications, skill development
260 ## - PUBLICATION, DISTRIBUTION, ETC. (IMPRINT)
Place of publication, distribution, etc Los Angeles
Name of publisher, distributor, etc Sage
Date of publication, distribution, etc 2017
300 ## - PHYSICAL DESCRIPTION
Pages xxi, 416 p.
500 ## - GENERAL NOTE
General note 2798 27/07/2017 PBA17/520 27/07/2017 IMSAR (Dev. & Research)
942 ## - ADDED ENTRY ELEMENTS (KOHA)
Koha item type Books
Holdings
Withdrawn status Lost status Damaged status Not for loan Location (home branch) Sublocation or collection (holding branch) Shelving location Date acquired Koha issues (times borrowed) Koha full call number Accession No. Koha date last seen Koha item type
        VIVEKANANDA LIBRARY VIVEKANANDA LIBRARY IMSAR Library 15/09/2017   658.3 L976F 370988 17/09/2023 Books
© Designed and Maintained by Vivekananda Library, MDU Rohtak